The developing housing scene 1989-1990 (Record no. 104260)

MARC details
000 -LEADER
fixed length control field 00639cam a2200217 4500
001 - CONTROL NUMBER
control field L129660
008 - FIXED-LENGTH DATA ELEMENTS--GENERAL INFORMATION
fixed length control field #DATE n1990 000 0 eng u
020 ## - INTERNATIONAL STANDARD BOOK NUMBER
International Standard Book Number 0950874442
035 ## - SYSTEM CONTROL NUMBER
System control number (Sirsi) u129660
041 ## - LANGUAGE CODE
Language code of text/sound track or separate title eng
050 ## - LIBRARY OF CONGRESS CALL NUMBER
Classification number 306
-- 18
100 ## - MAIN ENTRY--PERSONAL NAME
Personal name Smith, Mary E. H.
245 #4 - TITLE STATEMENT
Title The developing housing scene 1989-1990
260 ## - PUBLICATION, DISTRIBUTION, ETC.
Place of publication, distribution, etc. London
Name of publisher, distributor, etc. Housing Centre Trust
Date of publication, distribution, etc. 1990
300 ## - PHYSICAL DESCRIPTION
Extent 82p.
Dimensions 21cm.
350 ## - PRICE (NR) (BK AM CF MU VM SE) [OBSOLETE]
Price 8.95
520 ## - SUMMARY, ETC.
Summary, etc. Supplement to the third edition of "Guide to housing" (ISBN 0950874434)
650 ## - SUBJECT ADDED ENTRY--TOPICAL TERM
Topical term or geographic name entry element HOUSING ACT 1988
690 ## - LOCAL SUBJECT ADDED ENTRY--TOPICAL TERM (OCLC, RLIN)
Topical term or geographic name as entry element PROPERTY-RESIDENTIAL PROPERTY-RESIDENTIAL PROPERTY MANAGEMENT
942 ## - ADDED ENTRY ELEMENTS (KOHA)
Suppress in OPAC 0

No items available.